Candidats avec le plus de participation à Fort Boyard - Statistiques

Statistiques générales
  • Ce quiz a été pris 505 fois
    103 depuis la dernière actualisation
  • Le résultat moyen est 6 sur 15
Statistiques - réponses
# Candidats % Correct
8 Chef cuisinier Philippe Etchebest
81%
9 Miss France Camille Cerf
80%
13 Miss France Elodie Gossuin
76%
11 Miss France Sylvie Tellier
65%
7 Nageur Camille Lacourt
57%
11 Animateur Bruno Guillon
46%
7 Boxeur Brahim Asloum
37%
7 Aventurier Laurent Maistret
30%
6 Miss France Marine Lorphelin
25%
7 Miss France Alexandra Rosenfeld
24%
6 Chanteur Keen'V
16%
7 Animateur Alex Goude
13%
7 Journaliste Erika Moulet
12%
7 Acteur Gérard Vivès
12%
7 Planchiste Nathalie Simon
11%
Aucun quiz correspondant
Distribution des résultats
% des personnes avec chaque résultat
Percentile par nombre de réponses
Votre historique - résultats
Vous n’avez pas pris ce quiz depuis la dernière actualisation